01956nam a2200337 i 4500003000900000005001700009007000300026008004100029020001800070040003100088041000800119082001900127100006200146245007700208250002300285264007300308300002800381336002700409337003300436338003100469500007400500504003600574505055200610590002701162910000701189942001401196952012701210952013201337952013201469999001701601DO-SdBNP20250627093830.0ta250627b2025 dr ||||| |||| 00| 0 spa d a9789945656022 aDO-SdBNPbspacBNPHU erda aspa 4axxxbS621c2221 aSierra Pérez, Ireni Arvelis,d1974-eautor4aut.98820110aConexiones: ¿Cómo aprende el niño? /cIreni Arvelis Sierra Pérez. aPrimera edición  aSanto Domingo, República Dominicana :bEditorial Santuario,c2025. a62 páginas ;c24 cm.  atextobtxt2rdacontent asin mediaciónbn2rdamedia avolumen bnc2rdacarrier  aIncluye datos biográficos de la autora en la solapa de la cubierta. aBibliografía: páginas 59-62 aAgradecimientos -- Prólogo -- Presentación del libro (sinopsis) -- Capítulo 1. El cerebro del niño y el aprendizaje (aspectos cognitivos) -- Capítulo 2. Las emociones como motor del aprendizaje (aspectos emocionales) -- Capítulo 3. Teoría del aprendizaje -- Capítulo 4. El aprendizaje en interacción (aspectos sociales) Capítulo 5. Innovación en la enseñanza (metodología pedagógicas) Capítulo 6. La conexione entre todos los aspectos. ¿Como los aspectos cognitivos, emocionales y sociales están interrelacionado?  aInventariado, 2025 /LP aLP 2ddccLBS1 00102ddc51708PDaBNPHUbBNPHUcCTd2025-03-04eDepósito Legall0oxxx S621cp2025-3113r2025-04-09w2025-04-09yLBS1 00102ddc51708PDaBNPHUbBNPHUcCTd2025-03-04eDepósito Legall0oxxx S621cp2025-3117r2025-04-09te.2w2025-04-09yLBS1 00102ddc56708DSaBNPHUbBNPHUcCTd2025-03-04eDepósito Legall0oxxx S621cp2025-3118r2025-04-09te.3w2025-04-09yLBS1 c58693d58693